01991cam a22003374a 450000100090000000300040000900500170001300800410003001000170007102000150008802000180010304000170012104200080013804300120014605000130015808200200017110000280019124500660021925000120028526000550029730000350035250400530038750508140044065000200125465000350127465000350130965000200134485601060136485600910147085600920156113954859OSt20220523144853.0050506s2006 caua b 001 0 eng  a 2005927097 a0534575854 a9780534575854 aDLCcLCdDLC apcc an-us---00aHV41.B8800a361.3/209732221 aBrueggemann, William G.14aThe practice of macro social work. /cWilliam G. Brueggemann. a3rd ed. aBelmont, CA:bBrooks/Cole CENGAGE Learning,c2006. axxii, 550 p. :bill. ;c26 cm. aIncludes bibliographical references and indexes. aContents: Overview of the practice of macro social work -- Solving social problems and making social change: Social problems: the challenge of macro social work -- Rational problem solving and social thinking -- Leadership: the hallmark of macro social work -- Social work practice with communities: Community -- The practice of community planning -- The practice of community development -- The practice of community organization -- The practice of social work with organizations: Social organizations -- The practice of social work administration -- The practice of organization development - Social work practice at the national and international levels: The practice of social work policy advocacy -- The practice of social work with social movements -- The practice of social work at the global level --  0aSocial service. 0aSocial servicezUnited States. 0aSocial workerszUnited States. 0aMacrosociology.423Contributor biographical informationuhttp://www.loc.gov/catdir/enhancements/fy1103/2005927097-b.html423Publisher descriptionuhttp://www.loc.gov/catdir/enhancements/fy1103/2005927097-d.html413Table of contents onlyuhttp://www.loc.gov/catdir/enhancements/fy1103/2005927097-t.html